Star Trek: Every Captain of Every Enterprise - Statistics

General Stats
  • This quiz has been taken 155 times
    129 since last reset
  • The average score is 9 of 13
Answer Stats
Enterprise Captain % Correct
NCC-1701-D Jean-Luc Picard
99%
NCC-1701-E Jean-Luc Picard
99%
NCC-1701 James T. Kirk
97%
NCC-1701-A James T. Kirk
97%
NX-01 Jonathan Archer
90%
NCC-1701 Christopher Pike
87%
NCC-1701 Spock
82%
NCC-1701 Robert April
47%
NCC-1701-G Seven of Nine
46%
NCC-1701 Will Decker
43%
NCC-1701-E Worf
38%
NCC-1701-C Rachel Garrett
37%
NCC-1701-B John Harriman
36%
No matching quizzes found
Score Distribution
Percent of People with Each Score
Percentile by Number Answered
Your Score History
You have not taken this quiz since the last reset